| 000 | 00408nam a2200133Ia 4500 | ||
|---|---|---|---|
| 008 | 191206s9999 xx 000 0 und d | ||
| 020 | _a9780316323543 (softc | ||
| 090 | _aDT1599447 | ||
| 245 | 0 | _aLong walk to freedom: the autobiography of Nelson Mandela | |
| 250 | _aFirst paperback edition. | ||
| 260 | _cc2013 | ||
| 300 | _a"x, 638 pages, 24 pages of plates : illustrations," | ||
| 999 |
_c16363 _d16363 |
||